000 00641cam a22002052a 4500
001 023458
003 AR-FADEU
008 311216n1985####xxu####################dd
020 _a950-9432-16-4
092 _a320.982
_bD615
_eBDT
100 _aDi Tella, Torcuato S.
245 _aSociología de los Procesos Político : Una perspectiva Latinoamericana
260 _aBuenos Aires
260 _bGEL
260 _c1985
300 _a421 p.
440 _aEstudios políticos y socialea, mayor
_n101
650 _aPROCESOS POLITICOS-AMERICA LATINA; ARGENTINA-PROCESOS SOCIALES; PARTIDOS POLITICOS; MOVIMIENTO OBRERO/BDT/
942 _cBDT
999 _c29148
_d29148